Jakobijánův dům /

Hlavní autor: <<al->>Aswānī, ʿAlāʼ, 1957-
Jazyk: Čeština
Vydáno: Brno : Jota, 2012
Vydání: 1. vyd.
Edice: Zlatá edice (Jota)
Témata:
Fyzický popis: 243 s. ; 20 cm
Knihy
Uloženo v:
LEADER 01329nam a2200373 a 4500
001 nkc20122395878
003 CZ PrNK
005 20211026090038.0
007 ta
008 120905s2012 xr g 000 f cze
015 |a cnb002395878 
020 |a 978-80-7217-949-7  |q (váz.) 
035 |a (OCoLC)817049526 
040 |a BOA001  |b cze  |d OLA001  |d ABA001 
041 1 |a cze  |h ara 
072 7 |a 821.41  |x Afroasijské (hamitosemitské) literatury  |2 Konspekt  |9 25 
080 |a 821.411.21(620)-31  |2 MRF 
080 |a (0:82-31)  |2 MRF 
100 1 |a <<al->>Aswānī, ʿAlāʼ,  |d 1957-  |7 jx20110803001  |4 aut 
245 1 0 |a Jakobijánův dům /  |c Alá'a al-Aswání ; [z arabského originálu ... přeložila Jitka Jeníková] 
250 |a 1. vyd. 
260 |a Brno :  |b Jota,  |c 2012 
300 |a 243 s. ;  |c 20 cm 
490 1 |a Zlatá edice 
655 7 |a egyptské romány (arabsky)  |7 fd476589  |2 czenas 
655 9 |a Egyptian fiction (Arabic)  |2 eczenas 
765 0 |t Imārat Ya'qūbīān  |9 Česky 
830 0 |a Zlatá edice (Jota)  |0 s 
910 2 |a BOA001  |b 2-1291.160 
990 |a BK 
995 |a 01 
991 |b 201210  |e b 
996 6 |b 2610524159  |c 2-1291.160  |l MZK  |r Sklad / do 1 hodiny  |n 0  |p p.v.  |w 001286048  |u 000010  |a 1  |e BOA001  |j MZK50  |s P 
996 7 |b 2610524160  |c 2-1291.160  |l MZK  |r Sklad / do 1 hodiny  |n 10  |p p.v.  |w 001286048  |u 000020  |a 1  |e BOA001  |j MZK50  |s A